Statystyki dla Języki urzędowe tych krajów (Afryka)

Kliknij tutaj aby rozwiązać quiz!

Ogólne statystyki

  • Ten quiz został rozwiązany 30 razy
  • Średni wynik to 38 z 54

Statystyki odpowiedzi

PaństwoJęzyk% Poprawnych
EgiptArabski
100%
MarokoArabski
100%
MauretaniaArabski
100%
LibiaArabski
100%
AlgieriaArabski
100%
TunezjaArabski
95%
SudanArabski / Angielski
95%
CzadArabski / Francuski
95%
DżibutiArabski / Francuski
95%
NigerFrancuski
95%
SenegalFrancuski
95%
MaliFrancuski
90%
SomaliaSomalijski / Włoski / Angielski
90%
GambiaAngielski
86%
KamerunFrancuski / Angielski
86%
NigeriaAngielski
81%
LiberiaAngielski
81%
Sierra leoneAngielski
81%
GhanaAngielski
81%
Sudan PołudniowyAngielski
81%
UgandaAngielski / Luganda
81%
EtiopiaArabski / Oromo
81%
BeninFrancuski
81%
RŚAFrancuski
81%
WKSFrancuski
81%
RwandaFrancuski / Angielski / kinya-ruanda
81%
TogoFrancuski / Kabije / Ewe
81%
EryteaArabski / tigrinia
76%
Burkina fasoFrancuski
71%
GwineaFrancuski
71%
BurundiFrancuski / Kirundi
71%
GabonFrancuski
67%
TanzaniaSuahili / Angielski
67%
KongoFrancuski
62%
DRKFrancuski
62%
Gwinea równikowaHiszpański
62%
Gwinea bissauPortugalski
62%
MauritiusAngielski / Francuski
57%
KomoryFrancuski / Komorski / Arabski
52%
AngolaPortugalski
52%
Wyspy św tomasza i
książęca
Portugalski
52%
RPAAfrikaans / angielski / xhosa / ndebele / pedi / soto / suazi / tsonga / tswana / venda / zulu
48%
SeszeleFrancuski
48%
LesothoAngielski / sotho
43%
KeniaAngielski / suahili
43%
MadagaskarMalgaski / Francuski
43%
RZPPortugalski
43%
EswatiniSuazi / Angielski
38%
ZambiaAngielski
33%
ZimbabweAngielski
33%
MalawiAngielski / Niandża
33%
NamibiaAngielski / Niemiecki / afrikaans
33%
MozambikPortugalski
33%
BotswanaTswana / Angielski
29%

Rozkład punktacji

Percentyl według liczby udzielonych odpowiedzi

Procent ludzi z każdym wynikiem

Twoja historia wyników

Nie rozwiązałeś tego quizu